Epitome of CAG's reports on the Government of Maharashtra (Record no. 486661)

000 -LEADER
fixed length control field 00542cam a22001217a 4500
008 - FIXED-LENGTH DATA ELEMENTS--GENERAL INFORMATION
fixed length control field 180718b-- xxu||||| |||| 00| 0 eng d
082 ## - DEWEY DECIMAL CLASSIFICATION NUMBER
Classification number L906x5442 E
245 ## - TITLE STATEMENT
Title Epitome of CAG's reports on the Government of Maharashtra
Statement of responsibility, etc. by Office of the Principal Accountant General (Audit)-I, Maharashtra
260 ## - PUBLICATION, DISTRIBUTION, ETC.
Place of publication, distribution, etc. Mumbai
Name of publisher, distributor, etc. Office of the Principal Accountant General (Audit)-I
Date of publication, distribution, etc. --
500 ## - GENERAL NOTE
General note Library has 2001/02, 2003/04-2005/06
650 ## - SUBJECT ADDED ENTRY--TOPICAL TERM
Topical term or geographic name entry element Auditing - India - Maharashtra
700 ## - ADDED ENTRY--PERSONAL NAME
Personal name Maharashtra. Office of the Principal Accountant General (Audit)-I
Holdings
Withdrawn status Lost status Damaged status Not for loan Permanent Location Current Location Date acquired Full call number Barcode Date last seen Price effective from Koha item type
        Indian Institute of Public Administration Indian Institute of Public Administration 2018-08-04 L906x5442 E GG28999 2018-08-04 2018-08-04 GG
        Indian Institute of Public Administration Indian Institute of Public Administration 2018-08-04 L906x5442 E GG28466 2018-08-04 2018-08-04 GG
        Indian Institute of Public Administration Indian Institute of Public Administration 2018-08-04 L906x5442 E GG27759 2018-08-04 2018-08-04 GG
        Indian Institute of Public Administration Indian Institute of Public Administration 2018-08-04 L906x5442 E GG26049 2018-08-04 2018-08-04 GG

Powered by Koha